书目信息 |
| 题名: |
Internet 实战技巧:网上会话篇
|
|
| 作者: | 李忠民 编著 | |
| 分册: | ||
| 出版信息: | 北京 气象出版社 1999.08 |
|
| 页数: | 177页 | |
| 开本: | 16开 | |
| 丛书名: | ||
| 单 册: | ||
| 中图分类: | TP393 | |
| 科图分类: | ||
| 主题词: | 计算机应用 | |
| 电子资源: | ||
| ISBN: | 7-5029-2719-0 | |
| 000 | 00589nam0 2200193 45 | |
| 001 | 0106121079 | |
| 005 | 20010612101657.8 | |
| 010 | @a7-5029-2719-0@d18.00元 | |
| 100 | @a20010612d1999 km y0chiy0120 ea | |
| 101 | 0 | @achi |
| 105 | @a z 000yy | |
| 200 | 1 | @aInternet 实战技巧:网上会话篇@AInternet Shi Zhan JiQiao:Wang Shang Hui Hua Pian@f李忠民等编著@FLi Zhong Min Deng Bian Zhu |
| 210 | @a北京@c气象出版社@d1999.08 | |
| 215 | @a177页@d16开 | |
| 606 | 0 | @a计算机应用 |
| 690 | @aTP393@v3 | |
| 701 | 0 | @a李忠民@4编著 |
| 801 | @aCN@bPftUser@c20010612 | |
| 905 | @f5@b346443-447@dTP393@eL545 | |
| Internet 实战技巧:网上会话篇/李忠民等编著.-北京:气象出版社,1999.08 |
| 177页;16开 |
| ISBN 7-5029-2719-0:18.00元 |
| ● |
| 相关链接 |
|
|
|
正题名:Internet实战技巧:网上会话篇
索取号:TP393/L545
 
预约/预借
| 序号 | 登录号 | 条形码 | 馆藏地/架位号 | 状态 | 备注 |
| 1 | 346443 | 203464438 | 自科二线504/504自科库 2排3列2层/ [索取号:TP393/L545] | 在馆 | |
| 2 | 346444 | 203464447 | 期刊室512/301自科库 116排1列3层/ [索取号:TP393/L545] | 在馆 | |
| 3 | 346445 | 203464456 | 自科二线504/504自科库 2排3列2层/ [索取号:TP393/L545] | 在馆 | |
| 4 | 346446 | 203464465 | 自科二线404/301自科库 109排2列2层/ [索取号:TP393/L545] | 在馆 | |
| 5 | 346447 | 203464474 | 自科库301/301自科库 116排1列3层/ [索取号:TP393/L545] | 在馆 |